| LEADER 00000nam 2200000uu 4500 |
| 001 13399107945 |
| 003 ULIB |
| 008 101224s2550||||th 000 0 tha d |
| 020 ^a9789747707403
|
| 060 4 ^aWY152^bค695 2550
|
| 245 00 ^aคู่มือการดูแลผู้ป่วยโรคเรื้อรังที่บ้าน /^cบรรณาธิการอัมพรพรรณ ธีรานุตร, นงลักษณ์ เมธากาญจนศักดิ์, ดลวิวิฒน์ แสนโสม
|
| 246 14 ^aคู่มือการดูแลผู้ป่วยเรื้อรังที่บ้าน
|
| 250 ^aพิมพ์ครั้งที่ 2
|
| 260 ^aขอนแก่น :^bคณะพยาบาลศาสตร์ มหาวิทยาลัยขอนแก่น,^c2550
|
| 300 ^a192 หน้า :^bภาพประกอบ +^e1 คอมแพกต์ดิสก์
|
| 500 ^aมีวีดิทัศน์ประกอบ 1 แผ่น, เก็บที่ห้องโสตทัศนวัสดุ
|
| 520 ^aหนังสือเล่มนี้เสนอเนื้อหาเกี่ยวกับการดูแลผู้ป่วยโรคเรื้อรังที่ ประกอบด้วยเรื่อง ความเจ็บป่วยเรื้อรังและบทบาทผู้ดูแล โรคและภาวะเรื้อรังที่พบบ่อยในปัจจุบัน เช่น โรคหัวใจขาดเลือด หัวใจวาย ความดันโลหิตสูง เบาหวาน ฯลฯ การดูแลด้านต่างๆ ของผู้ป่วยเรื้อรัง เช่น การดูแลความสะอาดของร่างกาย การช่วยเหลือเคลื่อนย้าย การดูแลเกี่ยวกับการรับประทานอาหาร ฯลฯ
|
| 650 7 ^aผู้ป่วยโรคเรื้อรัง^xการดูแล^vคู่มือ
|
| 650 7 ^aโรคเรื้อรัง^xการพยาบาล^xการดูแล^vคู่มือ
|
| 700 0 ^aอัมพรพรรณ ธีรานุตร,^eบรรณาธิการ
|
| 700 0 ^aนงลักษณ์ เมธากาญจนศักดิ์,^eบรรณาธิการ
|
| 700 0 ^aดลวิวัฒน์ แสนโสม,^eบรรณาธิการ
|
| 710 2 ^aมหาวิทยาลัยขอนแก่น.^bคณะพยาบาลศาสตร์
|
| 999 ^aสุณิสา
|